<?xml version="1.0" encoding="UTF-8"?>
<record
    xmlns:xsi="http://www.w3.org/2001/XMLSchema-instance"
    xsi:schemaLocation="http://www.loc.gov/MARC21/slim http://www.loc.gov/standards/marcxml/schema/MARC21slim.xsd"
    xmlns="http://www.loc.gov/MARC21/slim">

  <leader>01506nam a22002537a 4500</leader>
  <controlfield tag="003">Uzh_bibl</controlfield>
  <controlfield tag="008">251009b        |||||||| |||| 00| 0 ukr d</controlfield>
  <datafield tag="020" ind1=" " ind2=" ">
    <subfield code="a">978-617-8390-65-5</subfield>
    <subfield code="c">80.00</subfield>
  </datafield>
  <datafield tag="040" ind1=" " ind2=" ">
    <subfield code="b">&#x443;&#x43A;&#x440;.</subfield>
  </datafield>
  <datafield tag="041" ind1=" " ind2=" ">
    <subfield code="2">ukr</subfield>
    <subfield code="a">ukr</subfield>
  </datafield>
  <datafield tag="080" ind1=" " ind2=" ">
    <subfield code="a">821(437.6)</subfield>
  </datafield>
  <datafield tag="090" ind1=" " ind2=" ">
    <subfield code="a">821(437.6)</subfield>
    <subfield code="b">&#x41C; 70</subfield>
  </datafield>
  <datafield tag="100" ind1=" " ind2=" ">
    <subfield code="a">   </subfield>
  </datafield>
  <datafield tag="245" ind1=" " ind2=" ">
    <subfield code="a">&#x41C;&#x456;&#x436; &#x41A;&#x430;&#x440;&#x43F;&#x430;&#x442;&#x430;&#x43C;&#x438; &#x456; &#x422;&#x430;&#x442;&#x440;&#x430;&#x43C;&#x438;</subfield>
    <subfield code="c">&#x440;&#x435;&#x434;. &#x41E;. &#x41A;&#x43E;&#x437;&#x43E;&#x440;&#x456;&#x437;; &#x443;&#x43F;&#x43E;&#x440;&#x44F;&#x434;.&#x422;.&#x41B;&#x456;&#x445;&#x442;&#x435;&#x439;</subfield>
    <subfield code="h">&#x422;&#x435;&#x43A;&#x441;&#x442;</subfield>
  </datafield>
  <datafield tag="260" ind1=" " ind2=" ">
    <subfield code="a">&#x423;&#x436;&#x433;&#x43E;&#x440;&#x43E;&#x434;</subfield>
    <subfield code="b">&#x420;&#x406;&#x41A;-&#x423;</subfield>
    <subfield code="c">2025</subfield>
  </datafield>
  <datafield tag="300" ind1=" " ind2=" ">
    <subfield code="a">72 &#x441;.</subfield>
    <subfield code="b">&#x456;&#x43B;.</subfield>
  </datafield>
  <datafield tag="490" ind1=" " ind2=" ">
    <subfield code="v">&#x432;&#x438;&#x43F;.41</subfield>
  </datafield>
  <datafield tag="520" ind1=" " ind2=" ">
    <subfield code="a">&#x412; &#x423;&#x436;&#x433;&#x43E;&#x440;&#x43E;&#x434;&#x441;&#x44C;&#x43A;&#x43E;&#x43C;&#x443; &#x43F;&#x440;&#x435;&#x441;&#x43A;&#x43B;&#x443;&#x431;&#x456; &#x432;&#x456;&#x434;&#x431;&#x443;&#x43B;&#x430;&#x441;&#x44F; &#x43F;&#x440;&#x435;&#x437;&#x435;&#x43D;&#x442;&#x430;&#x446;&#x456;&#x44F; 41-&#x433;&#x43E; &#x432;&#x438;&#x43F;&#x443;&#x441;&#x43A;&#x443; &#x441;&#x435;&#x440;&#x456;&#x457; &#xAB;&#x41C;&#x456;&#x436; &#x41A;&#x430;&#x440;&#x43F;&#x430;&#x442;&#x430;&#x43C;&#x438; &#x456; &#x422;&#x430;&#x442;&#x440;&#x430;&#x43C;&#x438;&#xBB;, &#x43F;&#x440;&#x438;&#x441;&#x432;&#x44F;&#x447;&#x435;&#x43D;&#x43E;&#x433;&#x43E; 100-&#x440;&#x456;&#x447;&#x447;&#x44E; &#x432;&#x456;&#x434; &#x434;&#x43D;&#x44F; &#x43D;&#x430;&#x440;&#x43E;&#x434;&#x436;&#x435;&#x43D;&#x43D;&#x44F; &#x432;&#x456;&#x434;&#x43E;&#x43C;&#x43E;&#x433;&#x43E; &#x456;&#x441;&#x442;&#x43E;&#x440;&#x438;&#x43A;&#x430;, &#x43F;&#x43E;&#x435;&#x442;&#x430; &#x439; &#x43F;&#x435;&#x440;&#x435;&#x43A;&#x43B;&#x430;&#x434;&#x430;&#x447;&#x430; &#x41A;&#x430;&#x437;&#x438;&#x43C;&#x438;&#x440;&#x430; &#x413;&#x443;&#x440;&#x43D;&#x438;&#x446;&#x44C;&#x43A;&#x43E;&#x433;&#x43E;. &#x412;&#x438;&#x434;&#x430;&#x43D;&#x43D;&#x44F; &#x43E;&#x441;&#x43E;&#x431;&#x43B;&#x438;&#x432;&#x435; &#x442;&#x438;&#x43C;, &#x449;&#x43E; &#x432;&#x43C;&#x456;&#x449;&#x443;&#x454; &#x432;&#x456;&#x440;&#x448;&#x456; &#x41A;&#x430;&#x437;&#x438;&#x43C;&#x438;&#x440;&#x430; &#x406;&#x432;&#x430;&#x43D;&#x43E;&#x432;&#x438;&#x447;&#x430; &#x443;&#x43A;&#x440;&#x430;&#x457;&#x43D;&#x441;&#x44C;&#x43A;&#x43E;&#x44E;, &#x43F;&#x435;&#x440;&#x435;&#x43A;&#x43B;&#x430;&#x434;&#x435;&#x43D;&#x456; &#x43F;&#x43E;&#x43B;&#x44C;&#x441;&#x44C;&#x43A;&#x43E;&#x44E; &#x456; &#x441;&#x43B;&#x43E;&#x432;&#x430;&#x446;&#x44C;&#x43A;&#x43E;&#x44E;, &#x442;&#x430; &#x439;&#x43E;&#x433;&#x43E; &#x43F;&#x435;&#x440;&#x435;&#x43A;&#x43B;&#x430;&#x434;&#x438; &#x432;&#x456;&#x434;&#x43E;&#x43C;&#x438;&#x445; &#x430;&#x432;&#x442;&#x43E;&#x440;&#x456;&#x432; &#x437; &#x43F;&#x43E;&#x43B;&#x44C;&#x441;&#x44C;&#x43A;&#x43E;&#x457;.</subfield>
  </datafield>
  <datafield tag="521" ind1=" " ind2=" ">
    <subfield code="a">&#x414;&#x43B;&#x44F; &#x448;&#x438;&#x440;&#x43E;&#x43A;&#x43E;&#x433;&#x43E; &#x43A;&#x43E;&#x43B;&#x430; &#x447;&#x438;&#x442;&#x430;&#x447;&#x456;&#x432;</subfield>
  </datafield>
  <datafield tag="546" ind1=" " ind2=" ">
    <subfield code="a">&#x443;&#x43A;&#x440;.</subfield>
  </datafield>
  <datafield tag="650" ind1=" " ind2=" ">
    <subfield code="a">&#x41B;&#x456;&#x442;&#x435;&#x440;&#x430;&#x442;&#x443;&#x440;&#x43D;&#x43E;-&#x445;&#x443;&#x434;&#x43E;&#x436;&#x43D;&#x435; &#x432;&#x438;&#x434;&#x430;&#x43D;&#x43D;&#x44F;</subfield>
  </datafield>
  <datafield tag="655" ind1=" " ind2=" ">
    <subfield code="v">&#x442;&#x432;&#x43E;&#x440;&#x447;&#x456;&#x441;&#x442;&#x44C; &#x41A;&#x430;&#x437;&#x438;&#x43C;&#x438;&#x440;&#x430; &#x413;&#x443;&#x440;&#x43D;&#x438;&#x446;&#x44C;&#x43A;&#x43E;&#x433;&#x43E; &#x443; &#x432;&#x438;&#x43C;&#x456;&#x440;&#x456; &#x445;&#x443;&#x434;&#x43E;&#x436;&#x43D;&#x44C;&#x43E;&#x433;&#x43E; &#x43F;&#x435;&#x440;&#x435;&#x43A;&#x43B;&#x430;&#x434;&#x443;</subfield>
  </datafield>
  <datafield tag="942" ind1=" " ind2=" ">
    <subfield code="2">udc</subfield>
    <subfield code="c">BK</subfield>
  </datafield>
  <datafield tag="999" ind1=" " ind2=" ">
    <subfield code="c">15641</subfield>
    <subfield code="d">15641</subfield>
  </datafield>
  <datafield tag="952" ind1=" " ind2=" ">
    <subfield code="0">0</subfield>
    <subfield code="1">0</subfield>
    <subfield code="2">udc</subfield>
    <subfield code="4">0</subfield>
    <subfield code="7">0</subfield>
    <subfield code="a">CMB</subfield>
    <subfield code="b">CMB</subfield>
    <subfield code="c">AB</subfield>
    <subfield code="d">2025-10-03</subfield>
    <subfield code="e">&#x417;&#x41E;&#x423;&#x41D;&#x411; ,&#x41E;&#x420;&#x424;</subfield>
    <subfield code="i">80290</subfield>
    <subfield code="l">0</subfield>
    <subfield code="o">821(437.6)</subfield>
    <subfield code="p">17461</subfield>
    <subfield code="r">2025-10-09</subfield>
    <subfield code="w">2025-10-09</subfield>
    <subfield code="y">BK</subfield>
  </datafield>
</record>
